000
00217nam a2200097Ia 4500
005
20251222114346.0
008
251222s1900||||xx |||||||||||||| ||spa||
082
_a
DVD0040/K96/1974
245
0
_a
Dersu Uzala:
942
_c
DVD
999
_c
1034
_d
1034